[Event "Liberec Metalmex op"]
[Site "Liberec"]
[Date "2011.08.16"]
[Round "4"]
[White "Kokta, Marcel"]
[Black "Konopka, Lukas"]
[Result "0-1"]
[WhiteElo "1800"]
[BlackElo "1986"]
[PlyCount "38"]
[EventDate "2011.08.13"]
[EventType "swiss"]
[EventRounds "9"]
[EventCountry "CZE"]
[SourceTitle "CBM 143 Extra"]
[Source "ChessBase"]
[SourceDate "2011.08.29"]
[SourceVersion "1"]
[SourceVersionDate "2011.08.29"]
[SourceQuality "1"]

1. Nf3 Nf6 2. d4 g6 3. g3 Bg7 4. Bg2 0-0 5. c4 d6 6. Nc3 c6 7. 0-0 Nbd7 8. Qc2 c5 9. dxc5 Nxc5 10. Re1 Be6 11. Nd2 Rb8 12. Rb1 Bd7 13. e4 Ng4 14. Nf3 Ne5 15. Rd1 Bg4 16. Qe2 Ne6 17. h3 Bxf3 18. Bxf3 Nd4 19. Rxd4 Nxf3+ 0-1

[Event "Liberec Metalmex op"]
[Site "Liberec"]
[Date "2011.08.13"]
[Round "1"]
[White "Kokta, Marcel"]
[Black "Martinovsky, Miroslav"]
[Result "1-0"]
[WhiteElo "1800"]
[BlackElo "1879"]
[PlyCount "155"]
[EventDate "2011.08.13"]
[EventType "swiss"]
[EventRounds "9"]
[EventCountry "CZE"]
[SourceTitle "CBM 143 Extra"]
[Source "ChessBase"]
[SourceDate "2011.08.29"]
[SourceVersion "1"]
[SourceVersionDate "2011.08.29"]
[SourceQuality "1"]

1. Nf3 d5 2. d4 c6 3. g3 Nf6 4. Bg2 Bf5 5. 0-0 g6 6. Nbd2 Bg7 7. c3 0-0 8. Nh4 Be6 9. Re1 Re8 10. e4 Nxe4 11. Nxe4 dxe4 12. Bxe4 Bd5 13. f4 Bxe4 14. Rxe4 e6 15. Qf3 Nd7 16. Re2 Nf6 17. Be3 a6 18. Bf2 Qa5 19. g4 Qd5 20. h3 Qxf3 21. Nxf3 Rad8 22. Bh4 Rc8 23. Bxf6 Bxf6 24. Rae1 Kf8 25. Nd2 Rcd8 26. Kg2 Be7 27. b4 Ra8 28. Nc4 Rad8 29. a4 Rb8 30. Ra1 Red8 31. Kg3 Bd6 32. Kf3 Bc7 33. a5 Rd7 34. Nd2 Kg7 35. Ne4 h6 36. Nc5 Rdd8 37. f5 Bd6 38. fxe6 Bxc5 39. bxc5 fxe6 40. Rxe6 Rf8+ 41. Kg2 Rf7 42. Rae1 Rbf8 43. Re7 g5 44. Rxf7+ Rxf7 45. Re6 Kh7 46. c4 Rf4 47. Re7+ Kg6 48. Rd7 Kf6 49. Kg3 Kg6 50. h4 Kf6 51. h5 Ke6 52. Rd6+ Ke7 53. d5 Rxc4 54. dxc6 Rc3+ 55. Kf2 bxc6 56. Rxc6 Rc4 57. Kf3 Kd7 58. Rxh6 Rxc5 59. Rxa6 Ke7 60. Ke4 Kf7 61. Kd4 Rb5 62. Ke4 Rb4+ 63. Kf3 Rb3+ 64. Ke4 Rb4+ 65. Ke5 Rb5+ 66. Kd4 Rb4+ 67. Kc5 Rxg4 68. Rg6 Rg1 69. Kc6 Rc1+ 70. Kb7 Rb1+ 71. Rb6 Rh1 72. h6 g4 73. a6 g3 74. a7 g2 75. a8Q g1Q 76. Qa2+ Kf8 77. Rf6+ Ke7 78. Qe6+ 1-0